Workbook for bontrager's textbook off radiographic positioning and related anatomy (Record no. 2561)
[ view plain ]
| 000 -LEADER | |
|---|---|
| fixed length control field | 00433nam a22001577a 4500 |
| 008 - FIXED-LENGTH DATA ELEMENTS--GENERAL INFORMATION | |
| fixed length control field | 250320b |||||||| |||| 00| 0 eng d |
| 020 ## - INTERNATIONAL STANDARD BOOK NUMBER | |
| ISBN | 9780323694230 |
| 100 ## - MAIN ENTRY--AUTHOR | |
| Author | Lampignano John P |
| 245 ## - TITLE STATEMENT | |
| Title | Workbook for bontrager's textbook off radiographic positioning and related anatomy |
| 250 ## - EDITION STATEMENT | |
| Edition statement | 1oth |
| 260 ## - PUBLICATION, DISTRIBUTION, ETC. (IMPRINT) | |
| Place of publication | Missouri |
| Name of publisher | Elsevier |
| Date of publication | 2021 |
| 300 ## - COLLATION | |
| Pagination | xi,564p |
| 650 ## - TRACINGS | |
| Main Subject | Human anatomy |
| 942 ## - ADDED ENTRY ELEMENTS (KOHA) | |
| Item type | Books |
| 050 ## - LIBRARY OF CONGRESS CALL NUMBER | |
| Classification number | RC78.4 |
| Item number | .L36 |
| Source of classification or shelving scheme | Not for loan | Permanent location | Current location | Date acquired | Accession No. | Full call number | Barcode. | Koha item type |
|---|---|---|---|---|---|---|---|---|
| Library of Congress Classification | Medical Library | Medical Library | 03/20/2025 | 2024/63838 | RC78.4.L36 | 2025-0844 | Books |